ბათუმის შოთა რუსთაველის სახელმწიფო უნივერსიტეტის ბიბლიოთეკა

Principles of magnetic resonance, (ბიბ.ჩანაწერი № 57799)

000 -LEADER
fixed length control field 00656nam a22001931 4500
001 - CONTROL NUMBER
control field 4058484
005 - DATE AND TIME OF LATEST TRANSACTION
control field 20201208133113.0
008 - FIXED-LENGTH DATA ELEMENTS--GENERAL INFORMATION
fixed length control field 831212s1963 nyua b 000 0 eng
080 ## - UNIVERSAL DECIMAL CLASSIFICATION NUMBER
Universal Decimal Classification number 539.1 S-67
100 1# - MAIN ENTRY--PERSONAL NAME
Personal name Slichter, Charles P.
9 (RLIN) 9866
245 00 - TITLE STATEMENT
Title Principles of magnetic resonance,
Remainder of title with examples from solid state physics.
264 ## - PRODUCTION, PUBLICATION, DISTRIBUTION, MANUFACTURE, AND COPYRIGHT NOTICE
Place of production, publication, distribution, manufacture New York,
Name of producer, publisher, distributor, manufacturer Harper & Row
Date of production, publication, distribution, manufacture, or copyright notice 1963.
300 ## - PHYSICAL DESCRIPTION
Extent 246 p.
Other physical details illus.
Dimensions 27 cm.
440 #0 - SERIES STATEMENT/ADDED ENTRY--TITLE
Title Harper's physics series
9 (RLIN) 9867
650 #0 - SUBJECT ADDED ENTRY--TOPICAL TERM
Topical term or geographic name entry element Nuclear magnetic resonance.
9 (RLIN) 9868
653 ## - INDEX TERM--UNCONTROLLED
keyword ფიზიკა
653 ## - INDEX TERM--UNCONTROLLED
keyword ბირთვული მაგნიტური რეზონანსი
942 ## - ADDED ENTRY ELEMENTS (KOHA)
Source of classification or shelving scheme
Koha item type წიგნი
ეგზემპლარები
Withdrawn status Lost status Source of classification or shelving scheme Damaged status Not for loan Permanent Location Current Location Shelving location Date acquired Cost, normal purchase price Full call number Barcode Date last seen Copy number Price effective from Koha item type Public note
          ბათუმის შოთა რუსთაველის სახელმწიფო უნივერსიტეტის მთავარი ბიბლიოთეკა ბათუმის შოთა რუსთაველის სახელმწიფო უნივერსიტეტის მთავარი ბიბლიოთეკა წიგნსაცავი 2020-12-08 84.70 539.1 S-67 61147 2020-12-08 61147 2020-12-08 წიგნი 84 ლ. 70 თ.